[Event "Turtle Speed # 18"]
[Site "SchemingMind.com"]
[Date "2009.01.15"]
[Round "-"]
[White "efreddy"]
[Black "Brian Acebo"]
[Result "1-0"]
[WhiteCountry "BEL"]
[BlackCountry "USA"]
[WhiteElo "2152"]
[WhiteRD "145"]
[BlackElo "1549"]
[BlackRD "66"]
[GameID "187833"]

1. e4 c6 2. Nf3 d5 3. Nc3 Bg4 4. h3 Bxf3 5. Qxf3 Nf6 6. d3 e6 7. a3 Nbd7 8. exd5 cxd5 9. d4 a6 10. Bd3 g6
11. O-O Bg7 12. Re1 O-O 13. Bg5 b5 14. Ne2 Qc7 15. c3 Ra7 16. a4 Rb7 17. axb5 axb5 18. Bf4 Qc6 19. Nc1 b4 20. c4 Qc8
21. c5 Qc6 22. Ra6 Qc8 23. c6 Rb6 24. cxd7 Qd8 25. Ra7 Rc6 26. Nb3 Nxd7 27. Bb5 Rc2 28. Rxd7 Qc8 29. Bd6 Rd8 30. Qxf7+
1-0

[Event "Turtle Speed # 18"]
[Site "SchemingMind.com"]
[Date "2009.01.15"]
[Round "-"]
[White "efreddy"]
[Black "Heidi"]
[Result "1-0"]
[WhiteCountry "BEL"]
[BlackCountry "USA"]
[WhiteElo "2104"]
[WhiteRD "163"]
[BlackElo "1142"]
[BlackRD "109"]
[GameID "187834"]

1. e4 e5 2. Nf3 Nc6 3. Bb5 a6 4. Ba4 b5 5. Bb3 Na5 6. O-O Nxb3 7. axb3 Bb7 8. Nxe5 Bxe4 9. Re1 Qg5 10. Nf3 Nf6
11. Nxg5 Be7 12. Nxe4 Ng4 13. Qxg4 g6 14. Nf6+ Kd8 15. Qxd7#
1-0

[Event "Turtle Speed # 18"]
[Site "SchemingMind.com"]
[Date "2009.01.15"]
[Round "-"]
[White "efreddy"]
[Black "adub"]
[Result "1-0"]
[WhiteCountry "BEL"]
[BlackCountry "USA"]
[WhiteElo "2104"]
[WhiteRD "163"]
[BlackElo "1536"]
[BlackRD "184"]
[GameID "187835"]

1. e4 c5 2. Nf3 Nc6 3. d4 cxd4 4. Nxd4 e5 5. Nb5 d6 6. c4 b6 7. Be2 Nf6 8. Be3 Nxe4 9. Qd5 Nxf2 10. Qxc6+ Bd7
11. Nc7+ Ke7 12. Qf3 Nxh1 13. Nxa8 g6 14. Bg5+
1-0

[Event "Turtle Speed # 18"]
[Site "SchemingMind.com"]
[Date "2009.01.16"]
[Round "-"]
[White "efreddy"]
[Black "Alvaro.H.A"]
[Result "1-0"]
[WhiteCountry "BEL"]
[BlackCountry "IRL"]
[WhiteElo "2104"]
[WhiteRD "163"]
[BlackElo "1429"]
[BlackRD "210"]
[GameID "187836"]

1. e4 e5 2. Nf3 Nf6 3. Nxe5 Nxe4 4. Qe2 d5 5. d3 Bd6 6. Nf3 O-O 7. dxe4 Re8 8. Bg5 Qd7 9. Nc3 Nc6 10. O-O-O dxe4
11. Nxe4 f5 12. Qc4+ Kh8 13. Nf6 gxf6 14. Bxf6+ Qg7 15. Qf7 Ne5 16. Qxg7#
1-0

[Event "Turtle Speed # 18"]
[Site "SchemingMind.com"]
[Date "2009.01.15"]
[Round "-"]
[White "alejandroales"]
[Black "efreddy"]
[Result "0-1"]
[WhiteCountry "ARG"]
[BlackCountry "BEL"]
[WhiteElo "1785"]
[WhiteRD "92"]
[BlackElo "2104"]
[BlackRD "163"]
[GameID "187837"]

1. e4 c5 2. Nc3 d6 3. g3 Nc6 4. Bg2 g6 5. d3 Bg7 6. f4 e6 7. Nf3 Nge7 8. Be3 Nd4 9. O-O O-O 10. e5 Nef5
11. Bf2 Nxf3+ 12. Qxf3 Nd4 13. Qd1 dxe5 14. fxe5 Bxe5 15. Ne4 f5 16. Nxc5 Qd6 17. b4 Nc6 18. Rb1 Bd4 19. Qd2 a5 20. a3 axb4
21. axb4 Ra2 22. Kh1 e5 23. Nb3 Bxf2 24. Qxf2 Nxb4 25. Qc5 Qxc5 26. Nxc5 Rxc2 27. Rxb4 Rxc5 28. Bxb7 Rd8 29. Bxc8 Rcxc8 30. Rb7 Rxd3
31. Ra1 Rd2 32. Re7 e4 33. h4 Re2 34. Kg1 h5 35. Kf1 Rec2 36. Raa7 Rb8 37. Rab7 Rxb7 38. Rxb7 Kf8 39. Ra7 Rc8 40. Ke2 Re8
41. Ke3 Re7 42. Ra6 Kf7 43. Rb6 Re6 44. Rb7+ Kf6 45. Rb5 Ra6 46. Kf4 Ra3 47. Rb6+ Kf7 48. Rb7+ Ke6 49. Rb6+ Kd5 50. Rxg6 Rf3+
51. Kg5 Rxg3+ 52. Kxh5 Rxg6 53. Kxg6 e3 54. h5 e2 55. h6 e1=Q 56. h7 Qe5
0-1

[Event "Turtle Speed # 18"]
[Site "SchemingMind.com"]
[Date "2009.01.15"]
[Round "-"]
[White "Archon"]
[Black "efreddy"]
[Result "0-1"]
[WhiteCountry "CAN"]
[BlackCountry "BEL"]
[WhiteElo "1694"]
[WhiteRD "57"]
[BlackElo "2152"]
[BlackRD "145"]
[GameID "187838"]

1. d4 Nf6 2. Nc3 d5 3. e4 dxe4 4. f3 Bf5 5. fxe4 Nxe4 6. Qf3 Nd6 7. Bf4 e6 8. O-O-O c6 9. g4 Bg6 10. Qe3 Be7
11. Nf3 Nd7 12. Bg2 Nc4 13. Qe2 Ndb6 14. Ne5 Nxe5 15. dxe5 Nd5 16. Nxd5 cxd5 17. h4 Rc8 18. h5 Bxc2 19. Kd2 Bb4+ 20. Ke3 Qb6+
21. Kf3 Be4+ 22. Kg3 Rc2 23. Qf1 Rxg2+ 24. Qxg2 Bxg2 25. Kxg2 Bc5 26. Rhf1 Qxb2+ 27. Kh3 Qxa2 28. Rc1 b6 29. g5 Qe2 30. h6 gxh6
31. gxh6 Rg8
0-1

[Event "Turtle Speed # 18"]
[Site "SchemingMind.com"]
[Date "2009.01.15"]
[Round "-"]
[White "Brian Acebo"]
[Black "efreddy"]
[Result "0-1"]
[WhiteCountry "USA"]
[BlackCountry "BEL"]
[WhiteElo "1549"]
[WhiteRD "66"]
[BlackElo "2152"]
[BlackRD "145"]
[GameID "187839"]

1. e4 c5 2. Nf3 d6 3. d4 cxd4 4. Nxd4 Nf6 5. Nc3 e6 6. Be2 Be7 7. O-O O-O 8. Be3 a6 9. f4 Qc7 10. Qd2 b5
11. a3 Bb7 12. Bf3 Nbd7 13. b4 Rac8 14. Nde2 Nb6 15. Qd4 Nc4 16. Nd1 Nxe4 17. Bxe4 Bf6 18. Qd3 Bxe4 19. Qxe4 Bxa1 20. c3 Qc6
21. Qb1 Bxc3 22. Nexc3 Nxe3 23. Qd3 Qxg2#
0-1

[Event "Turtle Speed # 18"]
[Site "SchemingMind.com"]
[Date "2009.01.15"]
[Round "-"]
[White "Heidi"]
[Black "efreddy"]
[Result "0-1"]
[WhiteCountry "USA"]
[BlackCountry "BEL"]
[WhiteElo "1142"]
[WhiteRD "109"]
[BlackElo "2104"]
[BlackRD "163"]
[GameID "187840"]

1. e4 c5 2. Nf3 d6 3. Nc3 Nf6 4. h3 Nc6 5. Nh4 e6 6. Ng6 hxg6 7. d3 Be7 8. Be2 Bd7 9. O-O Nd4 10. Be3 Nxe2+
11. Qxe2 Bc6 12. d4 Nxe4 13. Nd1 Qc7 14. Bf4 cxd4 15. f3 Nf6 16. c3 Nd5 17. Bd2 dxc3 18. Bxc3 Nxc3 19. Nxc3 O-O-O 20. Qe3 Kb8
21. Rfe1 d5 22. Nd1 Rxh3 23. gxh3 Qg3+ 24. Kf1 Bb5+ 25. Re2 Bh4 26. Rc1 Qh2 27. Nf2 d4 28. Qf4+ Qxf4 29. Nd3 Bxd3 30. Re1 Qh2
31. Rc1 Qh1#
0-1

[Event "Turtle Speed # 18"]
[Site "SchemingMind.com"]
[Date "2009.01.15"]
[Round "-"]
[White "adub"]
[Black "efreddy"]
[Result "0-1"]
[WhiteCountry "USA"]
[BlackCountry "BEL"]
[WhiteElo "1536"]
[WhiteRD "184"]
[BlackElo "2104"]
[BlackRD "163"]
[GameID "187841"]

1. e4 c5 2. Nf3 d6 3. Nc3 Nf6 4. Bb5+ Nbd7 5. d4 a6 6. Bxd7+ Nxd7 7. b3 e6 8. d5 Be7 9. dxe6 fxe6 10. Bb2 O-O
11. O-O b5 12. Re1 Bb7 13. a4 b4 14. Na2 Qe8 15. c3 Qg6 16. Nd2 Ne5 17. Qc2 d5 18. cxb4 dxe4 19. Bxe5 Rxf2 20. Bg3 Rxg2+
0-1

[Event "Turtle Speed # 18"]
[Site "SchemingMind.com"]
[Date "2009.01.16"]
[Round "-"]
[White "Alvaro.H.A"]
[Black "efreddy"]
[Result "0-1"]
[WhiteCountry "IRL"]
[BlackCountry "BEL"]
[WhiteElo "1337"]
[WhiteRD "129"]
[BlackElo "2158"]
[BlackRD "150"]
[GameID "187842"]

1. e4 c5 2. c4 Nc6 3. Nf3 e6 4. d4 cxd4 5. Nxd4 Nf6 6. Qd3 Bb4+ 7. Bd2 Qb6 8. Nc2 Bxd2+ 9. Nxd2 Qxb2 10. Nb3 Ne5
11. Qd1 Qc3+ 12. Qd2 Nxe4 13. Qxc3 Nxc3 14. c5 b6 15. cxb6 axb6 16. Ncd4 Bb7 17. Rc1 Nxa2 18. Rc7 Bd5 19. Bb5 Kd8 20. Rc2 Nb4
21. Rc1 Ned3+ 22. Kd2 Nxc1 23. Rxc1 e5 24. Kc3 Na2+ 25. Kb2 Nxc1 26. Kxc1 Ra2 27. Kb1 Rxf2
0-1